Netušený původ běžne požívaných symbolů
Niektoré novodobé celosvetovo používané symboly sa stali základom jazyka zrozumiteľného na celej planéte. Ich počet sa neustále rozširuje a dnešný globálny svet tento jazyk využíva stále viac.
Gespeichert in:
| 1. Verfasser: | |
|---|---|
| Format: | Buchkapitel |
| Sprache: | Tschechisch |
| Schlagworte: | |
| Tags: |
Keine Tags, Fügen Sie das erste Tag hinzu!
|
MARC
| LEADER | 00000naa$a2200000$$$4500 | ||
|---|---|---|---|
| 001 | 0214410 | ||
| 005 | 20221019174112.0 | ||
| 041 | 0 | |a cze | |
| 044 | |a CZ | ||
| 245 | 1 | 0 | |a Netušený původ běžne požívaných symbolů |c Jiří Kohutka |
| 520 | |a Niektoré novodobé celosvetovo používané symboly sa stali základom jazyka zrozumiteľného na celej planéte. Ich počet sa neustále rozširuje a dnešný globálny svet tento jazyk využíva stále viac. | ||
| 610 | 2 | 0 | |a symboly |
| 610 | 2 | 0 | |a informácie |
| 610 | 2 | 0 | |a história |
| 100 | 1 | |a Kohutka, Jiří | |